Todos los equipos de Fórmula 1 desde 1950 | Español - Estadísticas

Estadísticas generales
  • Esta prueba ha sido intentada 453 veces
  • La puntuación promedio es 28 de 179
Estadísticas de respuestas
Primer año Año pasado Equipo % Correcto
1950 Ferrari
98%
1965 1965 RE
97%
1966 McLaren
96%
1954 Mercedes
94%
2005 Red Bull
92%
1975 Williams
89%
1977 2020 Renault
87%
2021 Alpine
85%
1959 Aston Martin
84%
1993 Sauber
84%
2016 Haas
82%
2006 2019 Toro Rosso
76%
1950 2023 Alfa Romeo
75%
2020 2023 Alpha Tauri
74%
2012 2015 Lotus F1
73%
1958 1994 Team Lotus
73%
2008 2018 Force India
59%
1964 2008 Honda
58%
2009 2009 Brawn
55%
2024 Racing Bulls
55%
2016 2020 Racing Point
55%
1952 1953 BMW
54%
2002 2009 Toyota
54%
1985 2005 Minardi
53%
1986 2001 Benetton
51%
2010 2012 HRT
50%
2000 2004 Jaguar
42%
2010 2014 Caterham
40%
1962 1992 Brabham
38%
1991 2005 Jordan
38%
1991 1991 Lambo
36%
1997 2001 Prost
32%
2012 2016 Manor
30%
1950 1960 Maserati
30%
1970 1998 Tyrrell
29%
1999 2005 BAR
26%
1957 1964 Porsche
26%
2006 2007 Spyker
24%
2006 2008 Super Aguri
24%
1978 2002 Arrows
23%
1981 1985 Toleman
20%
1951 1977 BRM
19%
1997 1999 Stewart
19%
2006 2006 Midland
17%
1976 1996 Ligier
16%
1962 1993 Lola
16%
1992 1992 Andrea Moda
13%
1967 1972 Matra
13%
1954 1960 Vanwall
13%
2006 2010 BMW Sauber
12%
1956 1956 Bugatti
12%
1975 1982 Fittipaldi
12%
2010 2011 Virgin Racing
12%
1974 1978 Hesketh
10%
1970 1992 March
10%
1974 1977 Penske
10%
1987 1989 Coloni
8%
1991 1996 Footwork
8%
1990 1990 Life
8%
1995 1996 Forti
7%
1975 1975 Hill
7%
1954 1955 Lancia
7%
1973 1980 Shadow
7%
1977 1979 Wolf
7%
1988 1992 Dallara
6%
1994 1995 Simtek
6%
1970 1978 Surtees
6%
1985 1989 Zakspeed
6%
1987 1994 Larrousse
5%
1990 1991 Leyton House
5%
1989 1990 Onyx
5%
1986 1991 AGS
4%
1963 1984 ATS
4%
1950 1967 Cooper-Climax
4%
1966 1969 Eagle
4%
1988 1990 Euro Brun
4%
1991 1992 Fondmetal
4%
1978 1978 Martini
4%
1980 1990 Osella
4%
1983 1985 RAM
4%
1988 1989 Rial
4%
1950 1952 Alta
3%
1974 1974 Amon
3%
1952 1956 Gordini
3%
1976 1977 Kojima
3%
1974 1976 Maki
3%
1978 1979 Merzario
3%
1974 1976 Parnelli
3%
1979 1979 Rebaque
3%
1983 1985 Spirit
3%
1978 1983 Theodore
3%
1950 1950 Adams
2%
1952 1953 AFM
2%
1977 1977 Apollo
2%
1970 1971 Bellasi
2%
1976 1977 Boro
2%
1963 1964 BRP
2%
1972 1972 Connew
2%
1961 1970 De Tomaso
2%
1957 1959 Dunn
2%
1953 1953 EMW
2%
1973 1982 Ensign
2%
1955 1960 Epperly
2%
1950 1952 ERA
2%
1951 1954 HWM
2%
1973 1974 Iso Marlboro
2%
1979 1979 Kauhsen
2%
1950 1960 Kurtis Kraft
2%
1951 1960 Kuzma
2%
1962 1968 LDS
2%
1977 1977 LEC
2%
1974 1975 Lyncar
2%
1950 1954 Nichels
2%
1951 1958 Osca
2%
1954 1960 Phillips
2%
1966 1966 Shannon
2%
1950 1953 Simca
2%
1950 1951 Talbot-Lago
2%
1969 1973 Tecno
2%
1974 1974 Token
2%
1974 1974 Trojan
2%
1951 1953 Veritas
2%
1976 1976 Wolf-Williams
2%
1955 1955 Arzani-Volpini
1%
1952 1952 Aston Butterworth
1%
1960 1960 Behra-Porsche
1%
1951 1954 Bromme
1%
1959 1960 Christensen
1%
1952 1952 Cisitalia
1%
1950 1950 Clemente Biondetti
1%
1952 1959 Connaught
1%
1968 1968 Cooper-BRM
1%
1960 1960 Cooper-Castellotti
1%
1960 1969 Cooper-Maserati
1%
1977 1977 Copersucar-Fittipaldi
1%
1950 1952 Deidt
1%
1953 1953 Del Roy
1%
1964 1964 Derrington-Francis
1%
1959 1959 Elder
1%
1956 1962 Emeryson
1%
1962 1962 ENB
1%
1950 1960 Ewing
1%
1961 1961 Ferguson
1%
1961 1961 FISA
1%
1952 1952 Frazer-Nash
1%
1959 1959 Fry
1%
1961 1963 Gilby
1%
1951 1951 Hall
1%
1959 1961 JBW
1%
1954 1954 Klenk
1%
1950 1950 Langley
1%
1950 1951 Marchese
1%
1961 1961 MBM
1%
1977 1977 McGuire
1%
1960 1960 Meskowski
1%
1950 1950 Milano
1%
1950 1959 Moore
1%
1950 1950 Olson
1%
1954 1955 Pankratz
1%
1972 1972 Politoys
1%
1967 1967 Protos
1%
1950 1950 Rae
1%
1960 1960 Scarab
1%
1951 1955 Schroeder
1%
1963 1964 Scirocco
1%
1951 1952 Sherman
1%
1950 1950 Snowberger
1%
1963 1963 Stebro
1%
1950 1956 Stevens
1%
1959 1959 Sutton
1%
1959 1959 Tec-Mec
1%
1951 1960 Trevis
1%
1953 1953 Turner
1%
1950 1960 Watson
1%
1950 1960 Lesovsky
0%
1951 1955 Pawl
0%
1994 1995 Pazific
0%
1961 1961 Scuderia Sant Ambroeus
0%
1950 1950 Wetteroth
0%
No se encontraron pruebas coincidentes
Distribución de puntuación
Porcentaje de gente con cada puntuación
Porcentaje por número respondido
Historial de tus puntuaciones
No has intentado esta prueba.